Dti/Dress to impress items by picture - Statistics

General Stats
  • This quiz has been taken 170 times
  • The average score is 4 of 16
Answer Stats
Picture Answer % Correct
Coquette dress
65%
Granny Dress
53%
Hot dog costume
43%
Strawberry Dress
39%
Madoka skirt
33%
Fur set
26%
Acoustic Guitar
21%
Beige Dress
21%
Futuristic suit
17%
Huge ruffle Skirt
17%
Summer Ruffle Dress
17%
Umoyaes dress
17%
Vintage mini dress
17%
Coquette Shirt
15%
Supernova Star Skirt
14%
Moongazer set
11%
No matching quizzes found
Score Distribution
Percent of People with Each Score
Percentile by Number Answered
Your Score History
You have not taken this quiz